LEADER 00998cam0 2200253 450 001 E600200028629 005 20211006093303.0 100 $a20070730f0000 |||||ita|0103 ba 101 $aita 102 $aIT 200 1 $a<>Istituzioni sanitarie del Regno di Napoli tra il 16. e il 17. secolo$ela soddisfazione del bisogno-salute tra utopia e realtà$fAntimo Cesaro 210 $aNapoli$cGiannino$ds.d. 215 $aP. 661-701$d24 cm 300 $aEstr. da : Rivista di Diritto Pubblico e Scienze Politiche, 7(1997), n.4 700 1$aCesaro$b, Antimo$3AF00009352$4070$0280516 801 0$aIT$bUNISOB$c20211006$gRICA 850 $aUNISOB 852 $aUNISOB$j900|Opusc$m131454 912 $aE600200028629 940 $aM 102 Monografia moderna SBN 941 $aM 957 $a900|Opusc$b000305$gSi$d131454$rdono$1pomicino$2UNISOB$3UNISOB$420070730083038.0$520211006093303.0$6rovito 996 $aIstituzioni sanitarie del Regno di Napoli tra il 16. e il 17. secolo$91875337 997 $aUNISOB